000 01817cam a2200373 a 4500
001 7089
003 FISKH
005 20250620135258.0
008 001108s2000 nyua b 000 1 eng d
010 _a 00708628
020 _a1587170345 (lib. bdg.)
020 _a1587170337 (pbk.)
020 _a9781587170331
035 _a(OCoLC)ocm44804389
040 _aEOW
_cEOW
_dDLC
_beng
050 _aPZ5 .S5885
082 _a811.54
100 _aAnonymous
245 0 0 _aSilly stories to tickle your funny bone /
_cFeaturing William Joyce, James Marshall, Dav Pilkey and others
260 _aNew York :
_bSeaStar Books,
_c2000.
300 _a64 pages :
_bcolor illustrations ;
_c21 cm
440 0 _aReading rainbow readers
505 0 _aPizza time (from Fox on the job) / by James Marshall -- There was a man dressed all in cheese (from Whiskers and rhymes) / by Arnold Lobel -- Dragon sees the day (from Dragon gets by) / by Dav Pilkey -- Here and there (from Silly times with two silly trolls) / by Nancy Jewell ; pictures by Lisa Thiesing -- Sea horse and sawhorse (from One winter night in August) / by X.J. Kennedy ; picture by Henry Cole -- A Wiggly, jiggly, joggly, tooth / by Bill Hawley ; pictures by William Joyce -- My little brother is really weird (from Making friends with Frankenstein) / by Colin McNaughton -- Wallpaper (from Poppleton forever) / by Cynthia Rylant ; pictures by Mark Teague.
505 0 _aO
520 _aA collection of easy to read silly stories and poems.
521 8 _a600
_bLexile estimate
521 8 _aO
_bRaz-Plus
650 0 _aNonsense verses, American.
650 0 _aChildren's poetry, American.
650 1 _aWit and humor
_vLiterary collections.
906 _a7
_bcbc
_ccopycat
_d3
_encip
_f20
_gy-gencatlg
942 _2ddc
_cBK
_n0
999 _c7089
_d7089